Technical mathematics with calculus / (Record no. 182105)
[ view plain ]
| 000 -LEADER | |
|---|---|
| fixed length control field | 01085 a2200217 4500 |
| 003 - CONTROL NUMBER IDENTIFIER | |
| control field | Nust |
| 005 - DATE AND TIME OF LATEST TRANSACTION | |
| control field | 20221115125644.0 |
| 010 ## - LIBRARY OF CONGRESS CONTROL NUMBER | |
| LC control number | 74003264 |
| 020 ## - INTERNATIONAL STANDARD BOOK NUMBER | |
| International Standard Book Number | 0070522057 |
| 040 ## - CATALOGING SOURCE | |
| Transcribing agency | Nust |
| 082 00 - DEWEY DECIMAL CLASSIFICATION NUMBER | |
| Classification number | 512.15,RIC |
| 100 1# - MAIN ENTRY--PERSONAL NAME | |
| Personal name | Rice, Harold S. |
| 9 (RLIN) | 102641 |
| 245 10 - TITLE STATEMENT | |
| Title | Technical mathematics with calculus / |
| Statement of responsibility, etc. | Harold S. Rice [and] Raymond M. Knight. |
| 250 ## - EDITION STATEMENT | |
| Edition statement | 2nd ed. |
| 260 ## - PUBLICATION, DISTRIBUTION, ETC. | |
| Place of publication, distribution, etc. | New York, |
| Name of publisher, distributor, etc. | McGraw-Hill |
| Date of publication, distribution, etc. | [1974, c1975] |
| 300 ## - PHYSICAL DESCRIPTION | |
| Extent | xviii, 954 p. |
| Other physical details | illus. |
| Dimensions | 24 cm. |
| 505 ## - FORMATTED CONTENTS NOTE | |
| Formatted contents note | Slide Rule and Review of Arithmetic and Geometry (Page-1), Basic Algebra and Analytic Geometry of the Straight Line (Page-49), More Advanced Algebra and Logarithms (Page-177), Curve Sketching Nonlinear Empirical Equations (Page-297), Numerical Trigonometry of the Right Triangle (Page-385), Introduction to Analytical Trigonometry (Page-431), Oblique Triangles and Applications of Numerical Trigonometry (Page-455), Analytical Trigonometry (Page-509), An Introduction to Calculus (Page-617). |
| 650 #0 - SUBJECT ADDED ENTRY--TOPICAL TERM | |
| Topical term or geographic name entry element | Mathematics. |
| 700 1# - ADDED ENTRY--PERSONAL NAME | |
| Personal name | Knight, Raymond M., |
| 9 (RLIN) | 102392 |
| 942 ## - ADDED ENTRY ELEMENTS (KOHA) | |
| Source of classification or shelving scheme | |
| Koha item type | Book |
| Call number prefix | 512.15,RIC |
| Withdrawn status | Lost status | Source of classification or shelving scheme | Damaged status | Not for loan | Permanent Location | Current Location | Shelving location | Date acquired | Full call number | Barcode | Date last seen | Price effective from | Koha item type | Public note |
|---|---|---|---|---|---|---|---|---|---|---|---|---|---|---|
| Military College of Signals (MCS) | Military College of Signals (MCS) | General Stacks | 12/12/2016 | 512.15,RIC | MCS7638 | 12/08/2016 | 12/12/2016 | Book | Almirah No.11, Shelf No.2 |
